[Event "OPEN 2024"]
[Site "SAINT DENIS LA REUNION"]
[Date "2024.10.12"]
[Round "6.6"]
[White "Andriandaza, Tombo Omar"]
[Black "Mansard, Gregoire"]
[Result "1/2-1/2"]
[WhiteElo "1849"]
[BlackElo "1443"]
[PlyCount "68"]
[EventDate "2024.??.??"]

1. d4 d5 2. Nf3 Nf6 3. g3 e6 4. Bg2 c5 5. c3 Nc6 6. O-O Be7 7. Nbd2 O-O 8. e3
Bd7 9. a3 cxd4 10. exd4 Rc8 11. Re1 Qb6 12. Ne5 Nxe5 13. Rxe5 Bd6 14. Re1 Rfe8
15. Nf3 Ne4 16. Rb1 Nxc3 17. Qd3 Nxb1 18. Qxb1 Bxa3 19. Ne5 Bc6 20. Re3 Bd6 21.
Nxf7 Kxf7 22. Qxh7 Ke7 23. Rxe6+ Kd7 24. Rxd6+ Kxd6 25. Bf4+ Kd7 26. Qxg7+ Re7
27. Bh3+ Kd8 28. Qg8+ Re8 29. Qg4 Rc7 30. Bg5+ Ree7 31. Qe6 Qb4 32. Qg8+ Be8
33. Qxd5+ Bd7 34. Qg8+ Be8 1/2-1/2

[Event "OPEN 2024"]
[Site "SAINT DENIS LA REUNION"]
[Date "2024.10.12"]
[Round "6.8"]
[White "Bah, Ismael"]
[Black "Davy, Igor"]
[Result "0-1"]
[WhiteElo "1707"]
[BlackElo "1928"]
[PlyCount "37"]
[EventDate "2024.??.??"]

1. b3 c5 2. Bb2 Nc6 3. Nf3 Nf6 4. c4 g6 5. Nc3 Bg7 6. Nd5 e6 7. Nxf6+ Bxf6 8.
Qc1 d5 9. e3 d4 10. d3 e5 11. Be2 O-O 12. O-O Bg7 13. a3 f5 14. Nd2 Qe7 15. Bf3
e4 16. dxe4 Ne5 17. exd4 Nd3 18. Qc2 Nxb2 19. Qxb2 {
0-1 63 coups, feuilles de partie illisibles} 0-1

[Event "OPEN 2024"]
[Site "SAINT DENIS LA REUNION"]
[Date "2024.10.12"]
[Round "6.9"]
[White "Frison, Jacques"]
[Black "Rosamel, Manua"]
[Result "0-1"]
[WhiteElo "1582"]
[BlackElo "1818"]
[PlyCount "50"]
[EventDate "2024.??.??"]

1. e4 c5 2. Nf3 d6 3. d4 cxd4 4. Nxd4 Nf6 5. Nc3 a6 6. Bg5 Nbd7 7. f4 Qc7 8.
Qf3 h6 9. Bxf6 Nxf6 10. O-O-O Bg4 11. Qg3 Bxd1 12. Kxd1 e6 13. Bd3 O-O-O 14.
Kc1 g6 15. f5 gxf5 16. exf5 e5 17. Nf3 Rg8 18. Qf2 d5 19. Be2 d4 20. Nb1 d3 21.
Bd1 Ne4 22. Qe3 Rxg2 23. c3 Nf2 24. Rg1 Nxd1 25. Kxd1 Bc5 0-1

[Event "OPEN 2024"]
[Site "SAINT DENIS LA REUNION"]
[Date "2024.10.12"]
[Round "6.10"]
[White "Delestage, Honore"]
[Black "Delestage, Raphael"]
[Result "0-1"]
[WhiteElo "1399"]
[BlackElo "1787"]
[PlyCount "96"]
[EventDate "2024.??.??"]

1. e4 d6 2. d4 Nf6 3. Nc3 Nbd7 4. Nf3 e5 5. d5 Be7 6. Be3 h6 7. h3 a6 8. a3 O-O
9. Be2 Re8 10. O-O Nf8 11. Qd3 Ng6 12. Rfe1 Nh5 13. Qd2 Nhf4 14. Bc4 b5 15. Bf1
f5 16. Rac1 Rf8 17. Qd1 Bb7 18. Bd3 Nxd3 19. Qxd3 f4 20. Bd2 Nh4 21. Nxh4 Bxh4
22. Qf3 Kh7 23. Ne2 Bc8 24. c4 g5 25. c5 Rg8 26. Rc3 g4 27. hxg4 Bxg4 28. Qd3
f3 29. Ng3 Qf6 30. Re3 Raf8 31. Be1 Bg5 32. Rxf3 Bxf3 33. Qxf3 Qxf3 34. Rxf3
Rxf3 35. gxf3 dxc5 36. Ba5 Bc1 37. b3 Bxa3 38. Bxc7 Bb2 39. f4 Bd4 40. Kg2 c4
41. bxc4 bxc4 42. Bxe5 Bxe5 43. fxe5 c3 44. Kf3 Rxg3+ 45. fxg3 c2 46. Kf4 c1=Q+
47. Kf5 Kg7 48. e6 Qg5# 0-1

[Event "OPEN 2024"]
[Site "SAINT DENIS LA REUNION"]
[Date "2024.10.12"]
[Round "7.1"]
[White "Libiszewski, Fabien"]
[Black "Quere, Alexandre"]
[Result "1-0"]
[WhiteElo "2492"]
[BlackElo "1989"]
[PlyCount "89"]
[EventDate "2024.??.??"]

1. e4 c5 2. Nf3 Nc6 3. Bb5 g6 4. O-O Bg7 5. c3 e5 6. d4 cxd4 7. cxd4 Nxd4 8.
Nxd4 exd4 9. Bf4 Ne7 10. Bd6 Qb6 11. Bxe7 Kxe7 12. Bd3 Re8 13. Nd2 Kf8 14. f4
d5 15. exd5 f5 16. Qa4 Qd6 17. Nc4 Qxd5 18. Nb6 axb6 19. Qxa8 Bd7 20. Qa3+ Qc5
21. Rfe1 Qxa3 22. Rxe8+ Kxe8 23. bxa3 Bf8 24. Rb1 Bc5 25. Bb5 Bc6 26. Kf1 Ke7
27. Bxc6 bxc6 28. a4 Ke6 29. Ke2 h6 30. Kd3 Kd5 31. h4 Bd6 32. Rxb6 Bxf4 33. a5
Bc7 34. Rb4 Bxa5 35. Rxd4+ Ke5 36. Rd7 Ke6 37. Rg7 Kf6 38. Ra7 Be1 39. a4 Bxh4
40. a5 Bf2 41. Rc7 Ke5 42. Rxc6 g5 43. Rxh6 Kf4 44. Ke2 Kg3 45. Rh5 1-0

[Event "OPEN 2024"]
[Site "SAINT DENIS LA REUNION"]
[Date "2024.10.12"]
[Round "7.2"]
[White "Hoarau, Antoine"]
[Black "Riviere, Etienne"]
[Result "1/2-1/2"]
[WhiteElo "1722"]
[BlackElo "1977"]
[PlyCount "56"]
[EventDate "2024.??.??"]

1. d4 b5 2. Bf4 Bb7 3. Nd2 Nf6 4. e3 e6 5. Ngf3 a6 6. Bd3 c5 7. c3 d5 8. O-O
Nbd7 9. Re1 Be7 10. Ne5 O-O 11. Qf3 Rc8 12. Qh3 Re8 13. Ndf3 Ne4 14. Nxd7 Qxd7
15. Ne5 Qd8 16. f3 Nf6 17. Ng4 g6 18. Nh6+ Kg7 19. Be5 Bd6 20. f4 Bxe5 21. fxe5
Nh5 22. Ng4 Qg5 23. Rf1 cxd4 24. exd4 Rc7 25. Nf6 Nxf6 26. exf6+ Kg8 27. Rae1
h5 28. Re5 Qh6 1/2-1/2

[Event "OPEN 2024"]
[Site "SAINT DENIS LA REUNION"]
[Date "2024.10.12"]
[Round "7.3"]
[White "Folio, Thomas"]
[Black "Mezouaghi, Miloud"]
[Result "0-1"]
[WhiteElo "1850"]
[BlackElo "2034"]
[PlyCount "76"]
[EventDate "2024.??.??"]

1. e4 c5 2. Nf3 e6 3. d4 cxd4 4. Nxd4 a6 5. Bd3 Bc5 6. Nb3 Ba7 7. Nc3 Nc6 8.
O-O Nf6 9. Re1 d6 10. a4 Ne5 11. h3 h6 12. Be3 Bxe3 13. Rxe3 b6 14. f4 Nc6 15.
e5 dxe5 16. fxe5 Nd7 17. Qf3 Bb7 18. Rf1 Qe7 19. Nd4 Ndxe5 20. Qg3 Qg5 21. Nxc6
Nxc6 22. Qxg5 hxg5 23. Nd5 O-O 24. Nxb6 Rad8 25. Rg3 Nb4 26. Bc4 Nxc2 27. Rf2
Nd4 28. Rxg5 Nf5 29. Re2 Rd6 30. a5 Rd1+ 31. Kh2 Rfd8 32. Bb3 Ra1 33. Nc4 Nd4
34. Re3 Bd5 35. Nd2 Rxa5 36. Bxd5 Raxd5 37. Rxd5 Rxd5 38. Ra3 Nb5 0-1

[Event "OPEN 2024"]
[Site "SAINT DENIS LA REUNION"]
[Date "2024.10.12"]
[Round "7.4"]
[White "Gretry, Patrice"]
[Black "Daniel, Antoine"]
[Result "0-1"]
[WhiteElo "1953"]
[BlackElo "1975"]
[PlyCount "68"]
[EventDate "2024.??.??"]

1. e4 d6 2. d4 Nf6 3. Nc3 e5 4. Nf3 Nbd7 5. Bc4 Be7 6. Be3 c6 7. a4 a5 8. h3
O-O 9. Bb3 b5 10. dxe5 dxe5 11. axb5 cxb5 12. Nxb5 Rb8 13. Nc3 Bb4 14. Nd2 Ba6
15. Qf3 Qc7 16. Ne2 Nc5 17. Bxc5 Bxd2+ 18. Kxd2 Qxc5 19. Nc3 Rfd8+ 20. Kc1 Rd4
21. Re1 h6 22. g4 Rxb3 23. cxb3 Rd3 24. Re3 Rd4 25. Kb1 Bb7 26. Ka2 Qb4 27.
Rae1 a4 28. Nxa4 Nxe4 29. Qe2 Bd5 30. Nc3 Qxb3+ 31. Kb1 Rd2 32. Qxd2 Nxd2+ 33.
Kc1 Nc4 34. R3e2 Nxb2 0-1

[Event "OPEN 2024"]
[Site "SAINT DENIS LA REUNION"]
[Date "2024.10.12"]
[Round "7.5"]
[White "Mansard, Gregoire"]
[Black "Fondrat, Johan"]
[Result "0-1"]
[WhiteElo "1443"]
[BlackElo "2051"]
[PlyCount "88"]
[EventDate "2024.??.??"]

1. e4 c5 2. Nf3 Nc6 3. d4 cxd4 4. Nxd4 g6 5. Nc3 Bg7 6. Be3 Nf6 7. Bc4 O-O 8.
Bb3 Na5 9. f3 Nxb3 10. axb3 d5 11. exd5 Nxd5 12. Nxd5 Qxd5 13. Qd2 Rd8 14.
O-O-O Rd6 15. g4 a5 16. h4 a4 17. h5 axb3 18. Nxb3 Qxf3 19. Qf2 Qxf2 20. Bxf2
Rxd1+ 21. Rxd1 Bxg4 22. Re1 Be6 23. hxg6 Bxb3 24. cxb3 Ra1+ 25. Kc2 Rxe1 26.
gxh7+ Kxh7 27. Bxe1 Kg6 28. Bd2 Kf5 29. Bc1 Ke4 30. Kd1 Kd3 31. Ke1 e5 32. Kd1
f5 33. Bd2 e4 34. Bc1 e3 35. Ke1 f4 36. Kf1 f3 37. Bxe3 Kxe3 38. Ke1 f2+ 39.
Kf1 b5 40. b4 Bxb2 41. Kg2 Ke2 42. Kh2 f1=Q 43. Kg3 Qf3+ 44. Kh4 Bf6# 0-1

[Event "OPEN 2024"]
[Site "SAINT DENIS LA REUNION"]
[Date "2024.10.12"]
[Round "7.6"]
[White "Payet, Nathan"]
[Black "Davy, Igor"]
[Result "1-0"]
[WhiteElo "1761"]
[BlackElo "1928"]
[PlyCount "53"]
[EventDate "2024.??.??"]

1. e4 c5 2. Nf3 Nc6 3. Bd3 g6 4. c3 Bg7 5. Bc2 d5 6. exd5 Qxd5 7. h3 e5 8. d3
Bf5 9. Be3 Rd8 10. Bb3 Qxd3 11. Qxd3 Bxd3 12. Bxc5 e4 13. Ng5 Ne5 14. Bd4 Nh6
15. Nd2 O-O 16. Bxe5 Bxe5 17. Ngxe4 Rfe8 18. O-O-O Bf4 19. Nf6+ Kf8 20. Nxe8
Nf5 21. Nf6 Nd4 22. Rde1 Nxb3+ 23. axb3 Rd6 24. Ng4 Ra6 25. Ne3 Ra1+ 26. Nb1
Bxb1 27. Kd2 1-0

[Event "OPEN 2024"]
[Site "SAINT DENIS LA REUNION"]
[Date "2024.10.12"]
[Round "7.7"]
[White "Rosamel, Manua"]
[Black "Caillens, Valentin"]
[Result "1-0"]
[WhiteElo "1818"]
[BlackElo "1299"]
[PlyCount "47"]
[EventDate "2024.??.??"]

1. e4 c5 2. Nf3 e6 3. d4 cxd4 4. Nxd4 a6 5. a4 Nf6 6. Nc3 Qc7 7. Bd3 Bc5 8. Be3
Qb6 9. Nce2 Nc6 10. c3 Ng4 11. Qc1 Nxe3 12. fxe3 Ne5 13. Bc2 a5 14. O-O Qd8 15.
Nf4 Ng6 16. Nd3 Bd6 17. Qe1 O-O 18. Nf3 Qc7 19. e5 Nxe5 20. Ndxe5 Bxe5 21.
Bxh7+ Kh8 22. Qh4 Qd8 23. Ng5 Bxh2+ 24. Kxh2 1-0

[Event "OPEN 2024"]
[Site "SAINT DENIS LA REUNION"]
[Date "2024.10.12"]
[Round "7.8"]
[White "Delestage, Raphael"]
[Black "Larroque, Luca"]
[Result "1-0"]
[WhiteElo "1787"]
[BlackElo "1655"]
[PlyCount "91"]
[EventDate "2024.??.??"]

1. e4 c5 2. d4 cxd4 3. c3 Nf6 4. e5 Nd5 5. Nf3 Nc6 6. cxd4 d6 7. Bc4 Nb6 8. Bb3
g6 9. O-O Bg7 10. Re1 O-O 11. Nc3 Bg4 12. e6 Nxd4 13. exf7+ Kh8 14. Bg5 Bxf3
15. gxf3 Nf5 16. Be6 Bf6 17. Bxf6+ exf6 18. Ne4 d5 19. Nc5 Nh6 20. Nxb7 Qc7 21.
Qd4 Kg7 22. Nc5 Nxf7 23. Bxf7 Kxf7 24. Ne6 Qd6 25. Nxf8 Kxf8 26. Re2 Re8 27.
Rxe8+ Kxe8 28. Re1+ Kf7 29. a4 a5 30. Qd2 Kg7 31. Qxa5 Nc4 32. Qa7+ Kh6 33. Re7
Qf4 34. Rxh7+ Kg5 35. h4+ Kf5 36. Qd7+ Ke5 37. Re7+ Kd4 38. Re4+ Qxe4 39. fxe4
Kxe4 40. a5 d4 41. a6 d3 42. a7 Ne5 43. a8=Q+ Kf4 44. Qd4+ Kf5 45. Qc8+ Nd7 46.
Qcxd7# 1-0

[Event "OPEN 2024"]
[Site "SAINT DENIS LA REUNION"]
[Date "2024.10.12"]
[Round "7.9"]
[White "Andriandaza, Tombo Omar"]
[Black "Boyer, Mathis"]
[Result "1-0"]
[WhiteElo "1849"]
[BlackElo "1682"]
[PlyCount "81"]
[EventDate "2024.??.??"]

1. e4 e6 2. d4 d5 3. Nd2 Nf6 4. Bd3 c5 5. c3 Nc6 6. e5 Nd7 7. Ne2 Be7 8. O-O
O-O 9. Nf4 Bg5 10. Nf3 Bh6 11. a3 Qe8 12. Nh3 Bxc1 13. Rxc1 h6 14. Nf4 c4 15.
Bb1 f5 16. Qc2 g5 17. Ne2 Rf7 18. h4 Rg7 19. hxg5 hxg5 20. g3 Qh5 21. Kg2 b5
22. Rh1 Qg6 23. Rh2 Rh7 24. Rxh7 Kxh7 25. Qd2 g4 26. Ng5+ Kg8 27. Nxe6 Ndxe5
28. dxe5 Qxe6 29. Qg5+ Kf7 30. Nf4 Qe7 31. Qg6+ Kf8 32. Rh1 Qg7 33. Qxc6 Bb7
34. Qd6+ Kg8 35. Rh6 d4+ 36. Kg1 Qf7 37. cxd4 Re8 38. Rg6+ Kh8 39. Rf6 Qg7 40.
Bxf5 Qxf6 41. Qxf6+ 1-0

[Event "OPEN 2024"]
[Site "SAINT DENIS LA REUNION"]
[Date "2024.10.12"]
[Round "7.10"]
[White "Frelicot, Eric"]
[Black "Calmels, Nicolas"]
[Result "0-1"]
[WhiteElo "1668"]
[BlackElo "1803"]
[PlyCount "98"]
[EventDate "2024.??.??"]

1. d4 d5 2. Bf4 e6 3. e3 Bb4+ 4. c3 Bd6 5. Bg3 Ne7 6. Nf3 a6 7. Nbd2 c6 8. Ne5
f6 9. Nd3 O-O 10. Be2 Ng6 11. Bh5 Nh8 12. f4 Be7 13. h4 Nd7 14. Qe2 Nf7 15.
Bxf7+ Rxf7 16. Nf3 b6 17. Bf2 Nf8 18. h5 c5 19. Bh4 Bd7 20. Nf2 Bb5 21. Qd2 Qe8
22. g4 Bd8 23. g5 Rc7 24. O-O-O f5 25. Ne5 a5 26. g6 h6 27. Nf7 Be7 28. Rdg1
Ba6 29. Bxe7 Rxe7 30. Nh3 Qc8 31. Qg2 Raa7 32. Ne5 b5 33. Ng5 Nd7 34. Nxd7
Raxd7 35. Nf7 b4 36. Qc2 Rc7 37. Nd6 Qd7 38. Nf7 bxc3 39. bxc3 Bb5 40. Ne5 Qe8
41. Nf7 Ba4 42. Qg2 cxd4 43. Nxh6+ gxh6 44. exd4 Qb5 45. Rh4 Rb7 46. Kd2 Qb2+
47. Ke3 Qxc3+ 48. Kf2 Rb2+ 49. Kf1 Qc1# 0-1

[Event "OPEN 2024"]
[Site "SAINT DENIS LA REUNION"]
[Date "2024.10.12"]
[Round "8.1"]
[White "Hoarau, Antoine"]
[Black "Libiszewski, Fabien"]
[Result "0-1"]
[WhiteElo "1722"]
[BlackElo "2492"]
[PlyCount "108"]
[EventDate "2024.??.??"]

1. d4 d6 2. c4 e5 3. d5 f5 4. Nc3 Nf6 5. Nf3 Be7 6. g3 O-O 7. Bg2 a5 8. e4 Na6
9. O-O Nc5 10. exf5 Bxf5 11. Be3 Nfd7 12. Nd2 Bg5 13. Bxg5 Qxg5 14. Nde4 Nxe4
15. Bxe4 Nc5 16. Qc2 Nxe4 17. Nxe4 Qh5 18. f3 Bh3 19. g4 Qh4 20. Rf2 h5 21. g5
Rf4 22. Nf6+ Kf7 23. Ne4 Bf5 24. Raf1 Kg8 25. c5 Rf8 26. cxd6 cxd6 27. Qe2 Bxe4
28. fxe4 Rxf2 29. Rxf2 Rxf2 30. Qxf2 Qxe4 31. Qb6 Qd4+ 32. Qxd4 exd4 33. Kf2
Kf7 34. Kf3 Kg6 35. Ke4 Kxg5 36. Kxd4 Kf5 37. b3 g5 38. a4 g4 39. Ke3 h4 40.
Kf2 Ke4 41. Ke2 Kxd5 42. Ke3 Ke5 43. Ke2 Ke4 44. Kf2 Kd3 45. Ke1 Kc3 46. Ke2 d5
47. Ke3 d4+ 48. Ke2 Kc2 49. Kf2 d3 50. h3 gxh3 51. Kg1 d2 52. Kh2 d1=Q 53. b4
Qf3 54. b5 Qg2# 0-1

[Event "OPEN 2024"]
[Site "SAINT DENIS LA REUNION"]
[Date "2024.10.12"]
[Round "8.2"]
[White "Mezouaghi, Miloud"]
[Black "Riviere, Etienne"]
[Result "1-0"]
[WhiteElo "2034"]
[BlackElo "1977"]
[PlyCount "39"]
[EventDate "2024.??.??"]

1. e4 d6 2. d4 Nf6 3. Nc3 c6 4. f4 Qa5 5. Bd3 e5 6. Nf3 Bg4 7. Be3 Nbd7 8. O-O
Be7 9. h3 Bh5 10. Qe1 Qc7 11. dxe5 dxe5 12. fxe5 Nxe5 13. Nxe5 Qxe5 14. Rf5 Qe6
15. e5 Bg6 16. exf6 Bxf5 17. fxe7 Bxd3 18. cxd3 Qxe7 19. Bc5 Qe6 20. Qh4 1-0

[Event "OPEN 2024"]
[Site "SAINT DENIS LA REUNION"]
[Date "2024.10.12"]
[Round "8.3"]
[White "Fondrat, Johan"]
[Black "Rosamel, Manua"]
[Result "1/2-1/2"]
[WhiteElo "2051"]
[BlackElo "1818"]
[PlyCount "118"]
[EventDate "2024.??.??"]

1. e4 c5 2. Nf3 d6 3. Bb5+ Nd7 4. d4 cxd4 5. Nxd4 Ngf6 6. Bd3 g6 7. c4 Bg7 8.
Nc3 O-O 9. O-O Nc5 10. Re1 Nxd3 11. Qxd3 Bd7 12. f3 Rc8 13. Be3 Qa5 14. b3 a6
15. a4 Qh5 16. Rad1 Rfd8 17. Nde2 Bh6 18. Nf4 Qe5 19. g3 b5 20. axb5 axb5 21.
Nxb5 Bxb5 22. Bd4 Qg5 23. Bxf6 exf6 24. cxb5 Qc5+ 25. Qd4 Bxf4 26. Qxc5 Rxc5
27. gxf4 Rxb5 28. Re3 Kf8 29. e5 fxe5 30. fxe5 Re8 31. Rxd6 Rexe5 32. Rxe5 Rxe5
33. Kf2 Rb5 34. Rd3 Ke7 35. Ke3 Ke6 36. Rc3 Ke5 37. Ke2 f5 38. Kd3 Kd5 39. Kd2
Rb4 40. Rd3+ Kc5 41. Kc3 Rh4 42. Rd2 g5 43. Re2 Rf4 44. b4+ Kb5 45. Rd2 Kc6 46.
Rd3 h5 47. Re3 h4 48. h3 g4 49. fxg4 fxg4 50. hxg4 Rxg4 51. Re6+ Kd5 52. Rh6
Rg3+ 53. Kd2 h3 54. Rh4 Rg2+ 55. Ke3 h2 56. Kd3 Rg3+ 57. Kd2 Rg4 58. Rh5+ Kc4
59. Rxh2 Kxb4 1/2-1/2

[Event "OPEN 2024"]
[Site "SAINT DENIS LA REUNION"]
[Date "2024.10.12"]
[Round "8.4"]
[White "Quere, Alexandre"]
[Black "Payet, Nathan"]
[Result "1-0"]
[WhiteElo "1989"]
[BlackElo "1761"]
[PlyCount "85"]
[EventDate "2024.??.??"]

1. e4 d6 2. d4 Nf6 3. Nc3 g6 4. Nf3 Bg7 5. Be2 O-O 6. O-O c6 7. a4 Nbd7 8. h3
Qc7 9. Be3 e5 10. dxe5 dxe5 11. Bc4 h6 12. Qd2 Kh7 13. g4 Nb6 14. Bd3 Be6 15.
b3 Rad8 16. a5 Nc8 17. Nh2 h5 18. f3 c5 19. Nb5 Qc6 20. c4 Rd7 21. Qe2 hxg4 22.
hxg4 Rh8 23. Nc3 Ne8 24. Rf2 Bf8 25. Nd5 Bxd5 26. cxd5 Qc7 27. Bb5 Rd8 28. Qc2
Ned6 29. Bd3 b6 30. axb6 axb6 31. g5 Ne7 32. Ng4 Bg7 33. Nf6+ Bxf6 34. gxf6 Kg8
35. Rh2 Rxh2 36. Qxh2 Ne8 37. Bg5 Nxd5 38. exd5 Qd6 39. Be4 c4 40. Kg2 Nxf6 41.
Qh4 Nh5 42. Bxd8 Nf4+ 43. Kh1 1-0

[Event "OPEN 2024"]
[Site "SAINT DENIS LA REUNION"]
[Date "2024.10.12"]
[Round "8.5"]
[White "Daniel, Antoine"]
[Black "Delestage, Raphael"]
[Result "1/2-1/2"]
[WhiteElo "1975"]
[BlackElo "1787"]
[PlyCount "129"]
[EventDate "2024.??.??"]

1. Nf3 Nf6 2. g3 g6 3. Bg2 Bg7 4. c4 d6 5. d4 O-O 6. Nc3 Nbd7 7. O-O e5 8. e4
c6 9. h3 Qc7 10. Be3 Nh5 11. dxe5 Nxe5 12. Nxe5 dxe5 13. Kh2 Be6 14. b3 Rad8
15. Qe2 Nf4 16. Qc2 Nxg2 17. Kxg2 f5 18. f3 f4 19. Bc5 Rf7 20. g4 b6 21. Ba3
Bf8 22. Bxf8 Kxf8 23. Rad1 Rfd7 24. Rxd7 Rxd7 25. Rd1 g5 26. Rxd7 Qxd7 27. Qd1
Qxd1 28. Nxd1 Ke7 29. Kf2 Kd6 30. Nb2 b5 31. cxb5 cxb5 32. Nd3 a5 33. h4 a4 34.
bxa4 bxa4 35. a3 Bc4 36. Nb2 Bb5 37. hxg5 Kc5 38. Ke1 Kd4 39. Kd2 Kc5 40. Kc3
Be2 41. Nxa4+ Kd6 42. Nb2 Bxf3 43. Nc4+ Ke6 44. Kd3 Bg2 45. Nd2 Kd6 46. Ke2 Kc5
47. Kf2 Bh3 48. Kf3 Kd4 49. a4 Kd3 50. a5 Kxd2 51. a6 Bg2+ 52. Kxg2 Ke2 53. a7
f3+ 54. Kg3 f2 55. a8=Q f1=Q 56. Qa6+ Ke1 57. Qa5+ Ke2 58. Qb5+ Ke1 59. Qb4+
Ke2 60. Qc4+ Ke1 61. Qc3+ Ke2 62. Qc4+ Ke1 63. Qb4+ Ke2 64. Qb5+ Ke1 65. Qb4+
1/2-1/2

[Event "OPEN 2024"]
[Site "SAINT DENIS LA REUNION"]
[Date "2024.10.12"]
[Round "8.6"]
[White "Gretry, Patrice"]
[Black "Andriandaza, Tombo Omar"]
[Result "0-1"]
[WhiteElo "1953"]
[BlackElo "1849"]
[PlyCount "65"]
[EventDate "2024.??.??"]

1. e4 g6 2. d4 Bg7 3. Nf3 d6 4. h3 c5 5. Nc3 cxd4 6. Nxd4 Nf6 7. Be3 Qa5 8. Qd2
Bd7 9. Nb3 Qd8 10. O-O-O Nc6 11. f4 Rc8 12. Kb1 Be6 13. g4 Bxb3 14. axb3 O-O
15. Bg2 Qa5 16. Nd5 Qd8 17. b4 Nd7 18. Bf2 e6 19. Ne3 Nb6 20. c3 Na4 21. Nc2
Na5 22. bxa5 Qxa5 23. Bd4 e5 24. Bf2 Nxc3+ 25. bxc3 Rxc3 26. Qd5 Qa4 27. Qa2
Qxa2+ 28. Kxa2 Rxc2+ 29. Kb3 Rxf2 30. Rhg1 exf4 31. Rxd6 f3 32. Bf1 Rc8 33. Bc4
0-1

[Event "OPEN 2024"]
[Site "SAINT DENIS LA REUNION"]
[Date "2024.10.12"]
[Round "8.7"]
[White "Calmels, Nicolas"]
[Black "Folio, Thomas"]
[Result "0-1"]
[WhiteElo "1803"]
[BlackElo "1850"]
[PlyCount "46"]
[EventDate "2024.??.??"]

1. e4 c5 2. Nf3 Nc6 3. b3 e6 4. Bb2 d6 5. Be2 Nf6 6. d3 Be7 7. Qd2 O-O 8. g4 g6
9. Qh6 e5 10. h3 Re8 11. c3 Bf8 12. Qh4 d5 13. Nbd2 d4 14. Qg3 Bg7 15. Nc4 b5
16. Ncd2 Ba6 17. Nh4 dxc3 18. Bxc3 b4 19. Bb2 Nd4 20. Bd1 Ne6 21. Bc2 Nf4 22.
Nc4 Nd7 23. Bc1 Qxh4 0-1

[Event "OPEN 2024"]
[Site "SAINT DENIS LA REUNION"]
[Date "2024.10.12"]
[Round "8.8"]
[White "Davy, Igor"]
[Black "Lam Kin Cheung, Stephane"]
[Result "1-0"]
[WhiteElo "1928"]
[BlackElo "1694"]
[PlyCount "69"]
[EventDate "2024.??.??"]

1. e4 c5 2. d4 cxd4 3. c3 Nf6 4. e5 Nd5 5. Bc4 Nb6 6. Bb3 dxc3 7. Nxc3 e6 8.
Nf3 d5 9. exd6 Bxd6 10. O-O O-O 11. Qe2 Nc6 12. Rd1 Qe7 13. Bg5 f6 14. Be3 Kh8
15. Ne4 Nd5 16. Nxd6 Qxd6 17. Rac1 Rd8 18. Qd3 Ne5 19. Nxe5 Qxe5 20. Rc4 b6 21.
Rh4 f5 22. Bd4 Qc7 23. Bxd5 Rxd5 24. Qh3 e5 25. Rxh7+ Kg8 26. Rh8+ Kf7 27. Qh5+
Ke6 28. Qg6+ Kd7 29. Qe8+ Kd6 30. Bxe5+ Kc5 31. Rxd5+ Kxd5 32. Bxc7 Bb7 33.
Qb5+ Ke4 34. Rh4+ f4 35. Rxf4# 1-0

[Event "OPEN 2024"]
[Site "SAINT DENIS LA REUNION"]
[Date "2024.10.12"]
[Round "8.9"]
[White "Frison, Jacques"]
[Black "Desire, Michael"]
[Result "0-1"]
[WhiteElo "1582"]
[BlackElo "1781"]
[PlyCount "96"]
[EventDate "2024.??.??"]

1. e4 c6 2. d4 d5 3. Nc3 dxe4 4. Nxe4 Nf6 5. Nxf6+ exf6 6. Bf4 Qb6 7. Rb1 Be7
8. Bc4 Qb4+ 9. c3 Qxc4 10. a3 O-O 11. Ne2 Bf5 12. Rc1 Bd3 13. b3 Bxe2 14. Qxe2
Qxe2+ 15. Kxe2 Bxa3 16. Ra1 Bb2 17. Ra2 Bxc3 18. Kd3 Bb4 19. Re2 Nd7 20. Re3
Nb6 21. Bg3 Nd5 22. Re2 Rad8 23. Rc1 Rfe8 24. Rcc2 Bd6 25. Rxe8+ Rxe8 26. Bxd6
Rd8 27. Re2 g6 28. Bg3 Kf8 29. Kc4 f5 30. f3 f6 31. h4 Re8 32. Bd6+ Kf7 33.
Rxe8 Kxe8 34. g3 Kd7 35. Ba3 Ne3+ 36. Kd3 Nf1 37. g4 fxg4 38. fxg4 Nh2 39. g5
f5 40. Bc1 Ke6 41. Bf4 Nf3 42. Bg3 Kd5 43. Ke3 Nxd4 44. Bb8 a6 45. Kd3 Nxb3 46.
Bc7 a5 47. Kc3 a4 48. Kb4 b5 0-1

[Event "OPEN 2024"]
[Site "SAINT DENIS LA REUNION"]
[Date "2024.10.12"]
[Round "8.10"]
[White "Bah, Ismael"]
[Black "Jamond, Corentin"]
[Result "0-1"]
[WhiteElo "1707"]
[BlackElo "1582"]
[PlyCount "68"]
[EventDate "2024.??.??"]

1. b3 d5 2. Bb2 f6 3. d4 c5 4. e3 Nc6 5. Nf3 Bg4 6. Be2 cxd4 7. exd4 e6 8. O-O
Bd6 9. c4 Nge7 10. Nc3 dxc4 11. bxc4 O-O 12. Ne4 Bf4 13. h3 Bf5 14. Bd3 b6 15.
a3 Rc8 16. Re1 Re8 17. Bc3 Bg6 18. g3 Bb8 19. Bf1 Nf5 20. g4 Nd6 21. Ng3 Qd7
22. Nh4 Bf7 23. c5 Nb7 24. cxb6 axb6 25. Bb5 Red8 26. Bb2 Nba5 27. Ba4 Bxg3 28.
fxg3 Qd6 29. Kg2 Nxd4 30. Nf3 e5 31. Nxd4 exd4 32. Bc1 b5 33. Bc2 d3 34. Bb1 d2
0-1